000 00880nam a2200241 a 4500
001 BRCA_2343
005 20190320203752.0
008 071008s2000----mx-a---###---#000-0#spa-#
020 _a968856821X
050 4 _aG1549.M4
_b.M46 2000
100 1 _aMendoza Vargas, Héctor
_97035
245 1 0 _aMéxico a través de los mapas
_ccoordinador Héctor Mendoza Vargas ; Michel Antochiw ... [et al.].
260 _aMéxico
_bUNAM, Instituto de Geografía : Plaza y Valdés
_c2000
300 _a203 p.
_bil., mapas
_c29 cm.
440 0 _aTemas selectos de geografía de México.
_pTextos monográficos. Historia y geografía
_97036
500 _aEjemplar engargolado
500 _aPor política no se presta a domicilio
504 _aBibliografía: p. 185-203
650 1 4 _aCartografía
_xHistoria
_zMéxico
_9760
700 1 _aAntochiw, Michel
_97037
902 _aeng
942 _2lcc
_cB
999 _c2086
_d2086